Normal view
MARC view
- روس، مالكوم ؛ ترجمة محمد عبد الواحد
Entry Personal Name
001 - CONTROL NUMBER
- control field: 49330
003 - CONTROL NUMBER IDENTIFIER
- control field: JO-AjAnu
005 - DATE AND TIME OF LATEST TRANSACTION
- control field: 20230606082129.0
008 - FIXED-LENGTH DATA ELEMENTS
- fixed length control field: 230606|| aca||aabn | a|a d
040 ## - CATALOGING SOURCE
- Original cataloging agency: JO-AjAnu
- Transcribing agency: JO-AjAnu
100 ## - HEADING--PERSONAL NAME
- Personal name: روس، مالكوم ؛ ترجمة محمد عبد الواحد
670 ## - SOURCE DATA FOUND
- Source citation: Work cat.: (JO-AjAnu)25228: روس، مالكوم ؛ ترجمة محمد عبد الواحد , author, الخلاصة العصية لتقاليدنا تاملات في الادب الكندي